000 00490nam a2200181 i 4500
001 66215
003 ES-MaACL
007 t|
008 040129s1983 sp ||||1| spa d
100 1 _aGalán, Natalio.
_953296
245 1 0 _aCuba y sus sones /
_cNatalio Galán.
260 _a[Valencia] :
_bPre-Textos,
_c[1983]
300 _aXX, 359 p. ;
_c19 cm.
490 1 _aMúsica ;
_v51
830 0 _aMúsica ;
_v51
_9228703
852 _aES-MaACL
_jL-4709
_bR.105139
999 _c66215
_d66215